Najdroższe transfery w historii Ekstraklasy - Statystyki

Ogólne statystyki
  • Ten quiz został rozwiązany 33 razy
  • Średni wynik to 11 z 22
Statystyki odpowiedzi
Sezon Zawodnik Kwota transferu Kraj Nowy klub % Poprawnych
25/26 Kacper Urbański 2,00 mln € Legia Warszawa
73%
20/21 Jakub Moder 11,00 mln € Brighton Hove & Albion
70%
25/26 Mileta Rajović 3,00 mln € Legia Warszawa
67%
23/24 Ernest Muci 10,00 mln € Beşiktaş
57%
23/24 Ali Gholizadeh 1,80 mln € Lech Poznań
53%
17/18 Jan Bednarek 6,00 mln € Southampton
53%
25/26 Jonatan Braut Brunes 2,00 mln € Raków Częstochowa
53%
21/22 Kacper Kozłowski 11,00 mln € Brighton Hove & Albion
53%
25/26 Kamil Piątkowski 2,00 mln € Legia Warszawa
53%
21/22 Kamil Piątkowski 6,00 mln € RB Salzburg
53%
25/26 Sam Greenwood 2,00 mln € Anglia Pogoń Szczecin
53%
24/25 Ante Crnac 11,00 mln € Norwich City
47%
22/23 Jakub Kamiński 10,00 mln € Wolfsburg
47%
24/25 Rúben Vinagre 2,30 mln € Legia Warszawa
47%
19/20 Radosław Majecki 7,00 mln € AS Monaco
43%
25/26 Maxi Oyedele 6,00 mln € RC Strasbourg
40%
25/26 Tomasz Pieńko 1,75 mln € Raków Częstochowa
40%
25/26 Jan Ziółkowski 6,60 mln € AS Roma
37%
23/24 Michał Skóraś 6,00 mln € Club Brugge
37%
24/25 Patrik Wålemark 1,80 mln € Lech Poznań
37%
25/26 Andi Zeqiri 2,00 mln € Widzew Łódź
30%
25/26 Yannick Agnero 2,30 mln € Lech Poznań
30%
Nie znaleziono quizów pasujących do podanych kryteriów
Rozkład punktacji
Procent ludzi z każdym wynikiem
Percentyl według liczby udzielonych odpowiedzi
Twoja historia wyników
Nie rozwiązałeś tego quizu